| 000 | 00807nam a22002057a 4500 | ||
|---|---|---|---|
| 999 |
_c13412 _d13412 |
||
| 003 | AR-CdUCM | ||
| 008 | 190415b ||||| |||| 00| 0 spa d | ||
| 040 |
_aMUNICIPALIDAD PROVINCIAL DEL CUSCO _cBIBLIOTECA MUNICIPAL DEL CUSCO |
||
| 082 |
_aC / 338.985 / _bN94 |
||
| 100 |
_aNúñez Anavitarte, Carlos _97771 |
||
| 245 | _aProposiciones básicas para el desarrollo económico del Perú / | ||
| 260 |
_aCusco : _bGarcilaso, _c1955. |
||
| 300 |
_a28 páginas ; _c19 cm. |
||
| 505 | _aContenido: Proposiciones básicas para el desarrollo económico del Perú -- El escritor y el artista frente a ala reforma agraria y el desarrollo industrial. | ||
| 650 |
_aDesarrollo económico _91696 |
||
| 650 |
_aDesarrollo industrial _96981 |
||
| 650 |
_aPerú _935 |
||
| 942 |
_2ddc _cLIBROS |
||
| 945 |
_aacv _d2019-04-15 |
||